| 000 | 00629cam a22002174a 4500 | ||
|---|---|---|---|
| 999 |
_c124896 _d124896 |
||
| 001 | 12723454 | ||
| 005 | 20211213105525.0 | ||
| 008 | 020329s2003 flua b 001 0 eng | ||
| 020 | _a1587160366 | ||
| 040 | _cPK-LaUMT | ||
| 082 | 0 | 0 |
_a616.07 _221 _bZDA-E |
| 100 | 1 | _aZdanowicz, Martin M. | |
| 245 | 1 | 0 |
_aEssentials of pathophysiology for pharmacy / _cby Martin M. Zdanowicz |
| 260 |
_aBoca Raton : _bCRC Press, _c2003 |
||
| 300 |
_a228 p. : _bill. ; _c24 cm. |
||
| 650 | 0 | _aPhysiology, Pathological. | |
| 650 | 1 | 2 |
_aPathology _xmethods. |
| 650 | 1 | 2 |
_aPhysiology _xmethods. |
| 650 | 2 | 2 |
_aDrug Therapy _xmethods. |
| 942 | _cBK | ||